[Event "POL-chT3 Podkarpackie"]
[Site "Czudec"]
[Date "2016.06.18"]
[Round "7.12"]
[White "Wolowiec, Malgorzata"]
[Black "Godek, Martyna"]
[Result "1/2-1/2"]
[WhiteElo "1857"]
[BlackElo "1435"]
[PlyCount "64"]
[EventDate "2016.05.27"]
[EventType "team-tourn"]
[EventRounds "9"]
[EventCountry "POL"]
[SourceTitle "EXT 2018"]
[Source "ChessBase"]
[SourceDate "2017.10.13"]
[SourceVersion "1"]
[SourceVersionDate "2017.10.13"]
[SourceQuality "1"]
[WhiteTeam "Przemysl MKS Polonia"]
[BlackTeam "Mielec"]
[WhiteTeamCountry "POL"]
[BlackTeamCountry "POL"]

1. d4 d5 2. c4 e6 3. Nc3 Nf6 4. Nf3 h6 5. e3 c6 6. Bd3 Nbd7 7. 0-0 b6 8. cxd5 cxd5 9. Bd2 Bb4 10. Rc1 0-0 11. Nb5 Bxd2 12. Qxd2 Ba6 13. Nc3 Bxd3 14. Qxd3 Qe7 15. Rc2 Rfc8 16. Rfc1 Qd8 17. Qa6 Nb8 18. Qb7 Nc6 19. Nb5 Ne7 20. Nc7 Rab8 21. Qxa7 Ne8 22. h3 Nd6 23. Qa4 Nc4 24. Nb5 Nxb2 25. Qb3 Rxc2 26. Rxc2 Nc4 27. Ne5 Nxe5 28. dxe5 Rc8 29. Nd6 Rxc2 30. Qxc2 Qd7 31. Qc3 Qc6 32. Qd4 Ng6 1/2-1/2